| 000 | 00000nam##2200000za#4500 |
| 001 | 9.640983 |
| 003 | CaOODSP |
| 005 | 20210624222932 |
| 007 | cr ||||||||||| |
| 008 | 150407|2002||||xxc|||||o f|0| 0 fre|d |
| 040 | |aCaOODSP|bfre |
| 043 | |an-cn--- |
| 086 | 1 |aH49-164/2002F-PDF |
| 110 | 1 |aCanada. |bSanté Canada. |
| 245 | 10|aMeilleures pratiques - traitement d'entretien à la méthadone / |h[ressource électronique]|cpréparé par Jamieson, Beals, Lalonde & Associates, Inc. pour le Bureau de la Stratégie canadienne antidrogue. |
| 260 | |aOttawa - Ontario : |bSanté Canada |cc2002. |
| 300 | |a119p.|bfigures, références, tableaux |
| 500 | |aLe n° de catalogue (H49-164/2002F) et l'ISBN (0-662-86849-8) de l'édition imprimée ont été incorrectement copiés dans la version électronique. |
| 590 | |a12-42-Supp|b2012-11-21 |
| 691 | 07|aPharmacologie|2gcpds |
| 775 | 08|tBest practices - methadone maintenance treatment / |w(CaOODSP)9.696904 |
| 856 | 40|ahttp://publications.gc.ca|qPDF|s3.31 Mo|uhttps://publications.gc.ca/collections/collection_2012/sc-hc/H49-164-2002-fra.pdf |